• 首页
  • 本馆介绍
  • 公告通知
  • 最新文献
  • 馆藏检索
  • 电子资源
  • 读者导购
  • 参考咨询
  • 我的图书馆
  • 登录
  • 详细信息显示
  • 放入我的书架
  • 预约/预借图书
  • 作者相关作品
  • 分类相关作品
  • 丛书相关作品
  • 出版社相关作品

书目信息

  • 表格格式
  • 工作单格式
  • 卡片格式
题名:
面试高分实战
    
 
作者: ;粉笔教师 编著
分册:   初中美术
出版信息: 北京   电子工业出版社  2019.12
页数: 173页
开本: 26cm
丛书名:
单 册:
中图分类: G451.1 , G633.955.2
科图分类:
主题词: 教师--资格考试--自学参考资料 , 美术课--教学法--初中--资格考试--自学参考资料
电子资源:
ISBN: 978-7-121-38212-3
000 00979nam0 2200265 45
001 012001002016
005 20140821160104.0
010    @a978-7-121-38212-3@dCNY59.00
100    @a20210414d2019 em y0chiy0110 ea
101 0  @achi
102    @aCN@b110000
105    @aa z 000yy
106    @ar
200 1  @a面试高分实战@Amian shi gao fen shi zhan@i初中美术@f粉笔教师编著
210    @a北京@c电子工业出版社@d2019.12
215    @a173页@c图,彩照@d26cm
300    @a国家教师资格面试专用教材
330    @a本书共分五篇,内容包括俯瞰面试、试讲、结构化、答辩和考官考生经验分享。书内设置了“粉笔提示”“粉笔解读”“粉笔拓展”等栏目,适当延伸知识考查点及考生面试时应注意的细节,并配以粉笔插图带给考生直观的感受。
606 0  @a教师@x资格考试@j自学参考资料
606 0  @a美术课@x教学法@x初中@x资格考试@j自学参考资料
690    @aG451.1@v5
690    @aG633.955.2@v5
711 02 @a粉笔教师@Afen bi jiao shi@4编著
801    @aCN@bAHXH@c20210922
905    @b1253202-6@dG451.1@e473@f5
    
    面试高分实战.初中美术/粉笔教师编著.-北京:电子工业出版社,2019.12
    173页:图,彩照;26cm
    国家教师资格面试专用教材
    
    ISBN 978-7-121-38212-3:CNY59.00
    本书共分五篇,内容包括俯瞰面试、试讲、结构化、答辩和考官考生经验分享。书内设置了“粉笔提示”“粉笔解读”“粉笔拓展”等栏目,适当延伸知识考查点及考生面试时应注意的细节,并配以粉笔插图带给考生直观的感受。
●
相关链接 在E读中查询图书 在五车中查询图书 在当当中查询图书 在豆瓣中查询图书


正题名:面试高分实战     索取号:G451.1/473         预约/预借

序号 登录号 条形码 馆藏地/架位号 状态 备注
1 1253202   212532026   第一样本阅览室/ [索取号:G451.1/473] 在馆    
2 1253203   212532035   教育系资料室/ [索取号:G451.1/473] 在馆    
3 1253204   212532044   教育系资料室/ [索取号:G451.1/473] 在馆    
4 1253205   212532053   第四借阅区/ [索取号:G451.1/473] 在馆    
5 1253206   212532062   第四借阅区/ [索取号:G451.1/473] 在馆    
唐山师范学院图书馆 欢迎您!
大连网信软件有限公司© 版权所有